000 00459nam a2200181Ia 4500
001 9931
005 20260306161754.0
008 260306t2010||||xx |||||||||||||| ||spa||
041 _aESP
082 _a808.6
_bN61
100 _aNiño Rojas, Victor Miguel
_eAUT
245 0 _aLa aventura de escribir del pensamiento a la palabra
260 _c2010
300 _axvii, 191 páginas :
_c24 cm.
650 _aGEN
654 _aCHU
942 _cLIB
_dJUS
_fJUS
_2ddc
_n
999 _c9931
_d9931